000 01255cam a2200325 a 4500
001 12658958
003 Nust
005 20220829143905.0
008 020128s2002 nyu 000 1 eng
010 _a 2002019050
020 _a0140297367
020 _a9780140297362
040 _aDLC
_cDLC
_dDLC
050 0 0 _aPS3553.U75
_bF57 2002
082 0 0 _a823
_bCUS
100 1 _aCussler, Clive.
_912104
245 1 0 _aFire ice :
_ba novel from the Numa files /
_cClive Cussler with Paul Kemprecos.
260 _aNew York :
_bG.P. Putnam's Sons,
_c2002.
300 _a549 p. ;
_c24 cm.
650 0 _aAustin, Kurt (Fictitious character)
_vFiction.
_912105
650 0 _aInternational relations
_vFiction.
_911685
650 0 _aConspiracies
_vFiction.
_911672
655 7 _aSuspense fiction.
_2gsafd
700 1 _aKemprecos, Paul.
_912110
856 4 2 _3Contributor biographical information
_uhttp://www.loc.gov/catdir/enhancements/fy0716/2002019050-b.html
856 4 2 _3Publisher description
_uhttp://www.loc.gov/catdir/enhancements/fy0716/2002019050-d.html
906 _a7
_bcbc
_corignew
_d1
_eocip
_f20
_gy-gencatlg
942 _2ddc
_cBK
999 _c174475
_d174475